| 000 | 00823nam a22001817a 4500 | ||
|---|---|---|---|
| 005 | 20241011162123.0 | ||
| 010 | _aHIN-128577 | ||
| 020 |
_a9789356844421 _c250.00 |
||
| 035 | _aHN-100923 | ||
| 037 | _bDBAD | ||
| 082 | _a791.43028092 | ||
| 100 |
_aमित्तल, विजय _972755 |
||
| 245 |
_aबॉलीवुड गीतों के जादुई फ़नकार / _cविजय मित्तल |
||
| 260 |
_aनई दिल्ली _bडायमंड पॉकेट बुक्स _c2023 |
||
| 270 |
_aX-30, ओखला इंडस्ट्रियल एरिया, फेज-2 _bनई दिल्ली _e110020 _k011-40712200 _msales@dpb.in |
||
| 300 |
_a192 पृ. _c22 सेमी (अजिल्द) |
||
| 942 |
_cHN _2ddc _h791.43028092 _mमित्तल |
||
| 999 |
_c206356 _d206356 |
||